| 000 | 00000cas 2200000zi 4500 |
| 001 | 9.958186 |
| 003 | CaOODSP |
| 005 | 20251211140405 |
| 006 | m o d f |
| 007 | cr ||||||||||| |
| 008 | 251211d1982198uoncux m o f0###a0eng|d |
| 022 | |y0714-3575 |
| 040 | |aCaOODSP|beng|erda|cCaOODSP |
| 043 | |an-cn--- |
| 086 | 1 |aJS3-3E-PDF |
| 245 | 00|aImpact. |
| 264 | 1|a[Ottawa] : |bSolicitor General Canada, Programs Branch, |c1982-198? |
| 310 | |aIrregular |
| 336 | |atext|btxt|2rdacontent |
| 337 | |acomputer|bc|2rdamedia |
| 338 | |aonline resource|bcr|2rdacarrier |
| 362 | 1 |aBegan with no. 1 (1982); ceased with ?? |
| 500 | |aDigitized edition from print [produced by Public Safety Canada]. |
| 500 | |aIssued also in French under title: Impact. |
| 650 | 0|aCriminal justice, Administration of|zCanada. |
| 650 | 0|aCriminal statistics|zCanada. |
| 710 | 1 |aCanada. |bSolicitor General Canada, |eissuing body. |
| 775 | 08|tImpact.|w(CaOODSP)9.958185 |